000 nam a22 a 4500
999 _c85821
_d85821
003 BLK
005 20230202172627.0
008 180408b bul|||||r ||||||| ||bul||
010 _aKNG00090424000
020 _a978-954-28-0493-2
040 _aBLK
041 _aBUL
_cBUL
080 _aБългарска литература
_b821.163.2
_x-31
_z821.163.2-31
100 1 _aПарушев, Радослав Маринов
_eпърви автор
_9285398
139 _aПарушев, Радослав Маринов
_bП 24
245 1 0 _a[Проект] Project Dostoevski
_cРадослав Парушев.
257 _aBGR
260 _aСофия
_bСиела Софт енд Паблишинг
_c2009
300 _a256 с.
_c21 см
380 _aX
500 _aОфс. изд.
653 _aромани
856 4 _qpdf
856 4 _qpdf
942 _cKNG
_n0
_s1
_01
944 _aCR
_c07.07.2009
_lф /
_kВаля_Йорданова
944 _aED
_c19.10.2011
_lф /
999 _d85821